00648nam a22002057a 450000500170000001000240001702000260004103500130006703500170008003500130009703700230011003700130013308200110014610000190015724500850017626000330026127000650029430000330035950000500039220170809153152.0 a1516EN07 ENG-114878 a9780143424550c599.00 aEN-98410 aB-605993-005 aB-664992 adplbBlueberry/Ven bDBAD/PUB a954.01 aEraly, Abraham aThe last spring : cby Abraham Eralyblife in India's last golden age Part-II / bPenguin Booksc2015aGurgaon a7th Floor, Infinity Tower C, DLF Cyber CitybGurgaone122002 aPt.2(xvii, 420p.)c24cm(pbk) aIncludes bibliographical references and index